000 00480nab a2200145Ia 4500
003 ES-SlBCS
005 20210601125300.0
008 140529s1996 xxu||||| |||| 00| 0 eng d
041 _aeng
100 1 _aWilliams, Michael E.
_9151641
245 0 0 _aUnderstanding Human Knowledge Philosophically
_c Michael E. Williams
650 0 4 _aConocimiento Humano-Filosofía
_9156297
773 0 _tPhilosophy and Phenomenological Research
_gvol. 56, 1996, págs. 359-377
_wRev1411
942 _cAR
999 _c527795
_d527795